[Event "Accession Vitrolles 2018/2019"]
[Site "Vitrolles"]
[Date "2019.02.03"]
[Round "7"]
[White "Duval, Jean-Pierre"]
[Black "Montanelli, Tristan"]
[Result "1/2-1/2"]
[WhiteElo "1659"]
[BlackElo "1679"]
[PlyCount "100"]

1. d4 Nf6 2. Nf3 e6 3. c4 b6 4. g3 Bb7 5. Bg2 c5 6. O-O cxd4 7. Nxd4 Bxg2 8.
Kxg2 Nc6 9. Nxc6 dxc6 10. Qa4 Qc8 11. Nc3 Be7 12. e4 Nd7 13. Be3 O-O 14. f4 Qb7
15. Rad1 a6 16. Qc2 b5 17. e5 f5 18. Kg1 Rab8 19. Ne2 c5 20. Nc1 Nb6 21. cxb5
axb5 22. b3 Rfc8 23. Qf2 Nd5 24. Ne2 c4 25. Bd4 cxb3 26. axb3 Rc2 27. Qf3 b4
28. Rc1 Rbc8 29. Qd3 Rxc1 30. Rxc1 Rxc1+ 31. Nxc1 Qc7 32. Qc4 Qb7 33. Nd3 Kf7
34. Bc5 Bxc5+ 35. Qxc5 Qe7 36. Kf2 h6 37. Qxe7+ Kxe7 38. Nc5 g5 39. fxg5 hxg5
40. h4 gxh4 41. gxh4 Nf4 42. Ke3 Ng6 43. Nd3 Nxh4 44. Nxb4 Ng6 45. Kd4 Kd7 46.
Nd3 Kc6 47. Kc4 Kb6 48. b4 Ne7 49. Nc5 Nc6 50. Nd3 Ne7 1/2-1/2

[Event "Accession Vitrolles 2018/2019"]
[Site "Vitrolles"]
[Date "2019.02.03"]
[Round "7"]
[White "Chabaud, Philippe"]
[Black "Colandrea, Sauveur"]
[Result "0-1"]
[WhiteElo "1459"]
[BlackElo "1697"]
[PlyCount "68"]

1. d4 Nf6 2. Bf4 e6 3. e3 d5 4. Nf3 Bd6 5. Ne5 O-O 6. Nd2 c5 7. c3 Nc6 8. Be2
Qc7 9. Ndf3 b6 10. h3 a5 11. a4 Ne4 12. O-O f6 13. Nd3 e5 14. dxe5 fxe5 15.
Ndxe5 Nf6 16. Nd3 Bd7 17. Bxd6 Qxd6 18. Nf4 Rad8 19. Bc4 Bxh3 20. Bxd5+ Nxd5
21. Nxh3 Qg6 22. Qb1 Qh5 23. Nfg5 Rf6 24. Qa2 h6 25. e4 hxg5 26. exd5 Ne5 27.
d6+ Kh8 28. f4 gxf4 29. Rxf4 Rfxd6 30. Raf1 Ng6 31. Rf5 Qg4 32. Ng5 Rd2 33.
Nf7+ Kh7 34. Rg5 Rxg2+ 0-1

[Event "Accession Vitrolles 2018/2019"]
[Site "Vitrolles"]
[Date "2019.03.02"]
[Round "8"]
[White "Colandrea, Sauveur"]
[Black "Roger, Patrick"]
[Result "1-0"]
[WhiteElo "1656"]
[BlackElo "1705"]
[PlyCount "232"]

1. d4 d5 2. Nf3 Nf6 3. c4 e6 4. g3 c5 5. Bg2 Nc6 6. cxd5 exd5 7. O-O Be6 8. Nc3
cxd4 9. Nb5 Qb6 10. Nbxd4 Nxd4 11. Nxd4 Bc5 12. Nb3 Be7 13. Be3 Qd8 14. h3 O-O
15. Nd4 Qd7 16. Kh2 Ne4 17. f3 Nd6 18. f4 Nf5 19. Nxf5 Bxf5 20. Qxd5 Bxh3 21.
Qxd7 Bxd7 22. Bd4 Bb5 23. Bxb7 Rad8 24. Bc3 Rd7 25. Bf3 h6 26. a4 Bc4 27. Rfd1
Rfd8 28. Rxd7 Rxd7 29. e4 Bb3 30. a5 Rd3 31. Kg2 f6 32. Re1 Kf7 33. Be2 Rd7 34.
e5 fxe5 35. fxe5 Be6 36. Rf1+ Kg8 37. Rf4 Rc7 38. Bd3 Bg5 39. Rb4 Be7 40. Rb8+
Kf7 41. Be4 Rc4 42. Bf3 Kg6 43. Rb7 Bc5 44. Rc7 Be3 45. Re7 Bf5 46. Bd5 Rc5 47.
Bf7+ Kg5 48. Kf3 Bc1 49. Rxa7 Bg4+ 50. Kf2 Bxb2 51. Bd2+ Kf5 52. Bb3 Bxe5 53.
Rd7 Rc8 54. a6 Kf6 55. Rf7+ Kg6 56. Rb7 Ra8 57. Rb6+ Kh7 58. Bc2+ Kg8 59. Be3
Ra7 60. Be4 Bc8 61. Bb7 Bc7 62. Rc6 Bxb7 63. Rxc7 Rxa6 64. Rxb7 Rf6+ 65. Kg2
Kh7 66. Bd4 Rg6 67. Kh3 h5 68. Rb5 Rh6 69. Rb7 Rg6 70. Rb5 Rh6 71. Kh4 g6 72.
Rb8 g5+ 73. Kxg5 Rg6+ 74. Kf4 Rg4+ 75. Ke3 Rxg3+ 76. Kf2 Rg4 77. Be3 Kg6 78.
Rg8+ Kf5 79. Rb8 Kg6 80. Kf3 Ra4 81. Rb6+ Kf7 82. Rh6 Rb4 83. Rxh5 Kg6 84. Rd5
Rc4 85. Bd4 Kf7 86. Kf4 Ke6 87. Re5+ Kd6 88. Ke4 Ra4 89. Kd3 Ra3+ 90. Kc2 Rh3
91. Rg5 Ke6 92. Bc3 Rf3 93. Kb3 Rh3 94. Kc4 Rh4+ 95. Bd4 Kd6 96. Rg6+ Ke7 97.
Kd5 Kf7 98. Ra6 Rh5+ 99. Be5 Rg5 100. Ra7+ Kg6 101. Ke6 Kh5 102. Ra4 Rg4 103.
Ra7 Rg6+ 104. Kf5 Rg5+ 105. Kf4 Rg4+ 106. Kf3 Rc4 107. Rg7 Kh6 108. Rg3 Ra4
109. Bf4+ Kh7 110. Rg5 Ra3+ 111. Kg4 Ra6 112. Kf5 Ra5+ 113. Be5 Kh6 114. Rg8
Ra7 115. Rg1 Rf7+ 116. Bf6 Kh7 1-0

[Event "Accession Vitrolles 2018/2019"]
[Site "Vitrolles "]
[Date "2019.03.02"]
[Round "8"]
[White "Beraud, Robert"]
[Black "Piat, Jean-Pascal"]
[Result "1/2-1/2"]
[WhiteElo "1699"]
[BlackElo "1712"]
[PlyCount "59"]

1. e4 d5 2. exd5 Qxd5 3. Nc3 Qd6 4. d4 a6 5. Nf3 Nf6 6. h3 e6 7. Be3 Nbd7 8.
Be2 b5 9. Qd2 Bb7 10. O-O Be7 11. a3 Rd8 12. Rfd1 Qc6 13. Bf1 h6 14. Qe2 Bd6
15. Rd3 Nb6 16. Rad1 O-O 17. Bc1 b4 18. axb4 Bxb4 19. Ne5 Qe8 20. Bxh6 gxh6 21.
Rg3+ Kh8 22. Qe3 Ng8 23. Rxg8+ Kxg8 24. Qxh6 f5 25. Rd3 f4 26. Qg5+ Kh7 27.
Qh4+ Kg7 28. Qg5+ Kh7 29. Qh4+ Kg7 30. Qg5+ 1/2-1/2

[Event "Accession Vitrolles 2018/2019"]
[Site "Vitrolles "]
[Date "2019.03.02"]
[Round "8"]
[White "Montanelli, Tristan"]
[Black "Madranges, Jean"]
[Result "0-1"]
[WhiteElo "1636"]
[BlackElo "1754"]
[PlyCount "58"]

1. f4 d6 2. Nf3 Bg4 3. e3 Nf6 4. b3 e6 5. Bb2 c6 6. Be2 Nbd7 7. d3 d5 8. O-O
Bxf3 9. Bxf3 Bd6 10. Re1 O-O 11. Nd2 e5 12. g3 Re8 13. Rc1 exf4 14. exf4 Qb6+
15. Kg2 Rxe1 16. Qxe1 Re8 17. Qf2 Bc5 18. d4 Bd6 19. c4 Bb4 20. Bc3 Bxc3 21.
Rxc3 Ne4 22. Nxe4 dxe4 23. Bg4 Nf6 24. Bd1 Qc7 25. Re3 Qd7 26. h3 Qxd4 27. Qe2
Rd8 28. Bc2 Qd2 29. Kf2 Qc1 0-1

[Event "Accession Vitrolles 2018/2019"]
[Site "Vitrolles"]
[Date "2019.03.02"]
[Round "8"]
[White "Chabaud, Philippe"]
[Black "Duval, Jean-Pierre"]
[Result "0-1"]
[WhiteElo "1459"]
[BlackElo "1645"]
[PlyCount "32"]

1. d4 c5 2. e3 e6 3. Nf3 Nf6 4. Be2 b6 5. O-O Bb7 6. Nc3 Be7 7. Re1 O-O 8. Bd3
d5 9. a3 Nc6 10. Bf1 Ne4 11. Na2 Rc8 12. c4 dxc4 13. Bxc4 cxd4 14. exd4 Nxd4
15. Nxd4 Rxc4 16. Be3 Bf6 0-1

[Event "Accession Vitrolles 2018/2019"]
[Site "Vitrolles"]
[Date "2019.03.23"]
[Round "9"]
[White "Duval, Jean-Pierre"]
[Black "Colandrea, Sauveur"]
[Result "1-0"]
[WhiteElo "1645"]
[BlackElo "1656"]
[PlyCount "33"]

1. d4 d6 2. Nf3 Bg4 3. e4 Nf6 4. Nc3 Nbd7 5. Be3 e5 6. Bc4 c6 7. a4 Qa5 8. O-O
Bxf3 9. Qxf3 exd4 10. Bxd4 Ne5 11. Bxe5 dxe5 12. g4 Qc7 13. g5 Ng8 14. Rad1 Bd6
15. Rxd6 Qxd6 16. Qxf7+ Kd8 17. Qxg7 1-0

[Event "Accession Vitrolles 2018/2019"]
[Site "Vitrolles"]
[Date "2019.03.23"]
[Round "9"]
[White "Madranges, Jean"]
[Black "Chabaud, Philippe"]
[Result "1-0"]
[WhiteElo "1754"]
[BlackElo "1459"]
[PlyCount "59"]

1. d4 Nf6 2. Nf3 g6 3. Nc3 d5 4. Bf4 c6 5. e3 Bg7 6. Be2 O-O 7. Ne5 Nbd7 8. h4
Nxe5 9. Bxe5 Nd7 10. Bxg7 Kxg7 11. f4 e6 12. g4 Qa5 13. h5 b5 14. hxg6 fxg6 15.
Qd2 b4 16. Nd1 Nf6 17. Bf3 Ne4 18. Bxe4 dxe4 19. Qh2 Rh8 20. Qh6+ Kg8 21. O-O
Rb8 22. Nf2 Qd5 23. Rfc1 Bd7 24. a3 a5 25. axb4 Rxb4 26. c3 Rb3 27. c4 Qd6 28.
Nxe4 Qe7 29. Rxa5 Rxe3 30. Ra8+ 1-0

[Event "Accession Vitrolles 2018/2019"]
[Site "Vitrolles"]
[Date "2019.03.23"]
[Round "9"]
[White "Mars, Theo"]
[Black "Montanelli, Tristan"]
[Result "0-1"]
[WhiteElo "1708"]
[BlackElo "1636"]
[PlyCount "56"]

1. c4 e5 2. g3 Nc6 3. Bg2 h5 4. h4 Bc5 5. e3 Bb6 6. Ne2 d6 7. Nbc3 Bg4 8. Nd5
Qd7 9. b4 Nge7 10. b5 Na5 11. Nxb6 cxb6 12. d3 d5 13. Ba3 dxc4 14. dxc4 Qxd1+
15. Rxd1 Rc8 16. Bxe7 Kxe7 17. Bd5 Rc7 18. Rc1 Rhc8 19. f3 Be6 20. Kf2 Nxc4 21.
Bxe6 Kxe6 22. Rc3 Nd6 23. Rxc7 Rxc7 24. f4 f6 25. Kf3 Nxb5 26. fxe5 fxe5 27.
Rd1 Nd6 28. Nc1 Rc2 0-1

[Event "Accession Vitrolles 2018/2019"]
[Site "Vitrolles"]
[Date "2019.03.23"]
[Round "9"]
[White "Roger, Patrick"]
[Black "Beraud, Robert"]
[Result "1/2-1/2"]
[WhiteElo "1705"]
[BlackElo "1699"]
[PlyCount "100"]

1. e4 e5 2. Nf3 Nc6 3. Bc4 Bc5 4. c3 Nf6 5. d3 d6 6. a4 a6 7. b4 Ba7 8. Nbd2
O-O 9. O-O Be6 10. Bxe6 fxe6 11. Qb3 Qd7 12. Nc4 b5 13. Ne3 Nh5 14. Ng5 Rf6 15.
axb5 axb5 16. Qd1 Qe8 17. Kh1 h6 18. Nf3 Nf4 19. Ng4 Rf8 20. Ne3 Qg6 21. Rg1
Rf6 22. Nh4 Qh5 23. Qxh5 Nxh5 24. Ng4 Rf7 25. Be3 Nf4 26. Bxa7 Nxa7 27. d4 Ne2
28. Rge1 Nxc3 29. dxe5 d5 30. exd5 Nxd5 31. Kg1 Rf4 32. h3 Rxb4 33. Nf3 Ra4 34.
Rad1 Nc6 35. Rc1 Nce7 36. Ne3 Kf7 37. Nd2 Ra3 38. Ng4 c6 39. Ne4 R3a6 40. Nd6+
Kg6 41. Nb7 Ra2 42. Nc5 Kf5 43. g3 h5 44. Nh2 Nc7 45. g4+ hxg4 46. hxg4+ Kg5
47. Ne4+ Kg6 48. Nf3 Rf8 49. Nd4 b4 50. Nxc6 Ncd5 1/2-1/2